Handbuch der Geschichte der Philosophie (Titelsatznr. 29719)
[ MARC ]
| 000 -Satzkennung | |
|---|---|
| Kontrollfeld mit fester Länge | 00747nam a22002171cc4500 |
| 001 - Kontrollnummer | |
| Kontrollfeld | a987693044+Band2 |
| 035 ## - Systemkontrollnummer | |
| System-Kontrollnummer | a987693044 |
| 008 - Feld mit fester Länge zur physischen Beschreibung - Allgemeine Angaben | |
| Kontrollfeld mit fester Länge | 200211s1973 gw |||| 000u ger d |
| 041 ## - Sprachcode | |
| Sprachcode des Textes/der Tonspur oder des separaten Titels | ger |
| 040 ## - Katalogisierungsquelle | |
| Übertragungsstelle | RU-10907106 |
| 003 - Kontrollnummer Identifier | |
| Kontrollfeld | RU-10907106 |
| 100 1# - Haupteintragung - Personenname | |
| Personenname | Totok, Wilhelm |
| Koha-Normdatenidentnummer | 17007 |
| 245 00 - Titel | |
| Titel | Handbuch der Geschichte der Philosophie |
| Verfasserangabe etc. | Unter Mitarbeit von Hiltraut Heiderich und Helmut Schröer |
| Zählung des Teils/der Abteilung eines Werkes | Band 2 |
| Titel eines Teils/einer Abteilung eines Werkes | Mittelatler / |
| 264 ## - Produktion, Veröffentlichung, Distribution, Herstellung und Urheberrechtsvermerk | |
| Herstellungs-, Veröffentlichungs- Vertriebs-, Erzeugungsort | Frankfurt am Main : |
| Produzent, Herausgeber, Distributor, Hersteller | Vittorio Klostermann, |
| Datum der Herstellung, der Veröffentlichung, des Vertriebs oder des Urheberschutzvermerks | 1973 |
| 246 12 - Titelvarianten | |
| Hauptsachtitel/Kurztitel | Handbuch der Geschichte der Philosophie. Mittelatler |
| Zählung des Teils/der Abteilung eines Werkes | Band 2 |
| 300 ## - Physische Beschreibung | |
| Umfang | 676 Seiten |
| 700 1# - Nebeneintragung - Personenname | |
| Personenname | Heidrich, Hiltraut |
| Funktionsbezeichnung | MitarbeiterIn |
| Koha-Normdatenidentnummer | 17008 |
| 700 1# - Nebeneintragung - Personenname | |
| Personenname | Schröer, Helmut |
| Funktionsbezeichnung | MitarbeiterIn |
| Koha-Normdatenidentnummer | 17009 |
| 773 08 - Übergeordnete Einheit | |
| Datensatzkontrollnummer | a987693044 |
| Zählung und erste Seite | Band2 |
| 942 ## - Zusätzliche Felder (Koha) | |
| Koha-Medientyp | Monographien |
| Ausgeschieden | Verloren | Klassifikation oder Aufstellungssystematik | Beschädigt | Nicht entleihbar | Heimatbibliothek | Aufenthaltsbibliothek | Aufstellungsort | Erwerbungsdatum | Inventarnummer | Signatur | Barcode | Letzte Aktivität | Preis gültig von | Koha-Medientyp |
|---|---|---|---|---|---|---|---|---|---|---|---|---|---|---|
| Andere/Generische Klassifikation | MWN Osteuropa | MWN Osteuropa | Lesesaal - 1 | 11/02/2020 | 20-00070 | G 10 cW 126 (2) | E00401080A939B9C | 23/02/2021 | 22/03/2021 | Monographien |